000 00370nam a2200133Ia 4500
005 20251222152715.0
008 251222s9999||||xx |||||||||||||| ||spa||
082 _a370.1/G24
100 _aGarcía Rivera, Javier
245 0 _aRutas del Aprendizaje para la Educación Intercultural Bilingüe:
250 _a1ra.ed.
264 _bMinisterio de Educación
942 _cLIB
999 _c29369
_d29369